Statistics for Countries with more than 200 Million People with a map

Click here to take the quiz!

General Stats

  • This quiz has been taken 40 times
  • The average score is 7 of 7

Answers on the Map

Answers color-coded by a green-red scale on the quiz's map according to % correct below.
 

Answer Stats

PopulationAnswer% Correct
212,559,417Brazil
100%
1,439,323,776China
100%
1,380,004,385India
100%
273,523,615Indonesia
100%
331,002,651United States
100%
206,139,589Nigeria
97%
220,892,340Pakistan
95%

Score Distribution

Percentile by Number Answered

Percent of People with Each Score

Your Score History

You have not taken this quiz